[Event "Marianske Lazne op 12th"]
[Site "Marianske Lazne"]
[Date "2013.01.26"]
[Round "9"]
[White "Truksa, Vaclav1111"]
[Black "Kjaer, Thomas"]
[Result "1-0"]
[WhiteElo "1684"]
[BlackElo "1832"]
[PlyCount "35"]
[EventDate "2013.01.19"]
[EventType "swiss"]
[EventRounds "9"]
[EventCountry "CZE"]
[SourceTitle "CBM 152 Extra"]
[Source "ChessBase"]
[SourceDate "2013.02.25"]
[SourceVersion "1"]
[SourceVersionDate "2013.02.25"]
[SourceQuality "1"]

1. e4 d5 2. exd5 Qxd5 3. Nc3 Qd8 4. Bc4 Nf6 5. Nf3 Bg4 6. Bxf7+ Kxf7 7. Ne5+ Kg8 8. Nxg4 Nc6 9. 0-0 Qd7 10. Nxf6+ exf6 11. d3 Bd6 12. Ne4 Be5 13. c3 Re8 14. Nc5 Qc8 15. Qb3+ Kf8 16. Nxb7 Bd6 17. Nxd6 cxd6 18. Qd5 1-0

[Event "Lovfalds 08th C"]
[Site "Ringsted"]
[Date "1994.09.23"]
[Round "4"]
[White "Eckert, Svend"]
[Black "Kjaer, Thomas"]
[Result "1-0"]
[WhiteElo "1748"]
[BlackElo "1607"]
[PlyCount "59"]
[EventDate "1994.09.02"]
[EventType "tourn"]
[EventRounds "5"]
[EventCountry "DEN"]
[SourceTitle "EXT 2023"]
[Source "ChessBase"]
[SourceDate "2022.10.05"]
[SourceVersion "1"]
[SourceVersionDate "2022.10.05"]
[SourceQuality "1"]

1. e4 e5 2. Nc3 Nf6 3. f4 d6 4. Nf3 Nbd7 5. Bc4 Be7 6. Bxf7+ Kxf7 7. Ng5+ Kg8 8. Ne6 Qe8 9. Nxc7 Qg6 10. 0-0 Rb8 11. N3d5 Nxd5 12. Nxd5 Bd8 13. f5 Qf7 14. c3 Nf6 15. Qf3 Nxd5 16. exd5 Bf6 17. b3 b5 18. Qe4 Kf8 19. Ba3 Be7 20. Rae1 Bb7 21. c4 bxc4 22. bxc4 Ba6 23. Rf3 Qf6 24. Rfe3 Kf7 25. d4 Rhe8 26. dxe5 dxe5 27. c5 Bd8 28. d6 Ba5 29. Qd5+ Kf8 30. d7 1-0

[Event "Lovsprings op 06th C"]
[Site "Ringsted"]
[Date "1994.04.24"]
[Round "4"]
[White "Kjaer, Thomas"]
[Black "Eckert, Svend"]
[Result "0-1"]
[WhiteElo "1558"]
[BlackElo "1665"]
[PlyCount "89"]
[EventDate "1994.03.27"]
[EventType "swiss"]
[EventRounds "7"]
[EventCountry "DEN"]
[SourceTitle "EXT 2023"]
[Source "ChessBase"]
[SourceDate "2022.10.05"]
[SourceVersion "1"]
[SourceVersionDate "2022.10.05"]
[SourceQuality "1"]

1. e4 c5 2. Nf3 Nc6 3. d4 cxd4 4. Nxd4 g6 5. Nc3 Bg7 6. Be3 d6 7. Qd2 Nf6 8. f3 0-0 9. h4 Nh5 10. g4 Ng3 11. Rg1 Nxf1 12. Rxf1 e6 13. 0-0-0 Ne5 14. b3 d5 15. h5 Qa5 16. hxg6 fxg6 17. f4 Nxg4 18. e5 b5 19. Ndxb5 Ba6 20. a4 Rac8 21. Bd4 Qb4 22. Kb2 Bh6 23. Qg2 Ne3 24. Bxe3 Bxb5 25. Nxb5 a6 26. Bd2 Qc5 27. Na3 Rf5 28. Qf2 Qc7 29. Qd4 Bf8 30. Bb4 Bg7 31. Bd6 Qc6 32. Rf3 Rd8 33. Be7 Re8 34. Rc3 Qd7 35. Bb4 Qf7 36. Qb6 Rxf4 37. Rcd3 Bxe5+ 38. Bc3 Rb8 39. Qc5 Bxc3+ 40. Qxc3 Rxa4 41. Rd4 Rxd4 42. Qxd4 Qg7 43. Nb1 h5 44. c3 Qxd4 45. Rxd4 0-1

[Event "Lovsprings op 06th C"]
[Site "Ringsted"]
[Date "1994.04.03"]
[Round "2"]
[White "Jensen, Dan Bronnum"]
[Black "Kjaer, Thomas"]
[Result "0-1"]
[WhiteElo "1561"]
[BlackElo "1558"]
[PlyCount "78"]
[EventDate "1994.03.27"]
[EventType "swiss"]
[EventRounds "7"]
[EventCountry "DEN"]
[SourceTitle "EXT 2023"]
[Source "ChessBase"]
[SourceDate "2022.10.05"]
[SourceVersion "1"]
[SourceVersionDate "2022.10.05"]
[SourceQuality "1"]

1. e4 e5 2. Nf3 Nc6 3. d4 exd4 4. Bc4 d6 5. c3 Ne5 6. Nxe5 dxe5 7. Qb3 Qd7 8. 0-0 a6 9. cxd4 b5 10. Be2 exd4 11. Qg3 c5 12. Rd1 Qd6 13. e5 Qg6 14. Qf3 Ra7 15. Bd3 Bb7 16. Bxg6 Bxf3 17. Bxf7+ Rxf7 18. gxf3 Rxf3 19. Kg2 Rf5 20. Re1 Ne7 21. Nd2 Nd5 22. Nf3 Be7 23. Rf1 0-0 24. Ne1 Rxe5 25. Bd2 Ref5 26. Rc1 Bh4 27. f3 Bg5 28. Bxg5 Rxg5+ 29. Kh3 Rf6 30. Kh4 Rff5 31. f4 Rh5+ 32. Kg3 Ne3 33. Rf3 Rf6 34. Rf2 Rfh6 35. Kf3 Rh3+ 36. Ke2 c4 37. Nf3 Nf5 38. Ng5 Rxh2 39. Rcf1 Ng3+ 0-1